000 00630nam a2200229 a 4500
001 34025
003 BD-RjUL
005 20211209052109.0
008 140507s1949 n ||||| |||| 001 0 eng d
035 _a(BD-RjUL)34119
040 _aBD-RjUL
_beng
_cBD-RjUL
_dBD-RjUL
041 _aeng
082 0 0 _a301
_bBOS 1949
100 1 _aBogardus, Emory S.
_9101099
245 1 0 _aSociology /
_cby Emory S. Bogardus
250 _a3rd ed.
260 _aNew York :
_bMacmillan Co.,
_c1949.
300 _axiii, 598 p. ;
_c21cm.
504 _aIncludes bibliographical footnotes and index.
650 0 _aSociology
_9101100
942 _2ddc
_cBK
999 _c34025
_d34025